Peaceful conversations : (Record no. 82935)

MARC details
000 -LEADER
campo de control de longitud fija 00991nam a2200241 i 4500
001 - NÚMERO DE CONTROL
campo de control 82935
003 - IDENTIFICADOR DE NÚMERO DE CONTROL
campo de control ES-MaACL
005 - FECHA Y HORA DE LA ÚLTIMA TRANSACCIÓN
campo de control 20240116131734.0
007 - CAMPO FIJO DE DESCRIPCIÓN FÍSICA--INFORMACIÓN GENERAL
campo de control de longitud fija t|
008 - DATOS DE LONGITUD FIJA--INFORMACIÓN GENERAL
campo de control de longitud fija 210819s2017 xxu 00110 eng d
020 ## - NÚMERO INTERNACIONAL ESTÁNDAR DEL LIBRO
Número Internacional Estándar del Libro 978-0-9970166-5-9
100 1# - ENTRADA PRINCIPAL--NOMBRE DE PERSONA
Nombre de persona Robinson, Gail Nemetz.
9 (RLIN) 173350
245 10 - MENCIÓN DEL TÍTULO
Título Peaceful conversations :
Resto del título preventing conflict in communication : across cultures, in the workplace, among family & friends /
Mención de responsabilidad, etc. Gail Nemetz Robinson.
260 ## - PUBLICACIÓN, DISTRIBUCIÓN, ETC.
Lugar de publicación, distribución, etc. Santa Monica [California, EE. UU.] :
Nombre del editor, distribuidor, etc. RiversMoore Books,
Fecha de publicación, distribución, etc. 2017.
300 ## - DESCRIPCIÓN FÍSICA
Extensión XII, 128 p. ;
Dimensiones 23 cm.
650 #4 - PUNTO DE ACCESO ADICIONAL DE MATERIA--TÉRMINO DE MATERIA
Término de materia o nombre geográfico como elemento de entrada Comunicación intercultural.
9 (RLIN) 11198
650 #4 - PUNTO DE ACCESO ADICIONAL DE MATERIA--TÉRMINO DE MATERIA
Término de materia o nombre geográfico como elemento de entrada Lenguaje y cultura.
9 (RLIN) 141588
852 4# - LOCALIZACIÓN
Ubicación ES-MaACL
Número de control de estantería A-14734
itemnumber 85995
Sublocalización o colección R.152062
Ubicación en estantería Depósito 1
Signatura antigua Olim: N-7734
Anotaciones manuscritas Dedicatoria autógrafa de la autora
Donativo/Legado Donacion: Gail Nemetz Robinson, Ph D.
Encuadernación Encuadernación en cartoné
903 ## - NOMBRE PERSONAL DE DONANTE
9 173350
a Robinson, Gail Nemetz
e Donante
942 ## - ELEMENTOS DE ENTRADA SECUNDARIOS (KOHA)
Fuente del sistema de clasificación o colocación Clasificación decimal universal
Tipo de ítem Koha Libro impreso
Holdings
Estatus retirado Estado de pérdida Fuente del sistema de clasificación o colocación Estado de daño No para préstamo Colección Biblioteca de origen Biblioteca actual Ubicación en estantería Fecha de adquisición Fuente de adquisición Total de préstamos Signatura topográfica completa Código de barras Visto por última vez Precio de reemplazo Tipo de ítem Koha Nota pública
    Clasificación decimal universal     Libros con dedicatorias Biblioteca del Ateneo de Madrid Biblioteca del Ateneo de Madrid Depósito 1 19/08/2021 Donación   A-14734 1202649 23/02/2023 23/02/2023 Libro impreso Dedicatoria autógrafa de la autora